ITZY all songs(May 2026 update) - Statistics

General Stats
  • This quiz has been taken 1,573 times
    31 since last reset
  • The average score is 49 of 106
Answer Stats
Hint Answer % Correct
BORN TO BE BORN TO BE
100%
CHESHIRE Cheshire
100%
Girls Will Be Girls Girls Will Be Girls
100%
GOLD GOLD
100%
IT'z ICY ICY
100%
Motto Motto
100%
Blah Blah Blah Blah Blah Blah
94%
IT'z Different DALLA DALLA
94%
Not Shy Not Shy
94%
RINGO RINGO
94%
TUNNEL VISION TUNNEL VISION
94%
IT'z ME WANNABE
94%
other release Wannabe
94%
Algorhythm Algorhythm
89%
GOLD Imaginary Friend
89%
CHECKMATE SNEAKERS
89%
Voltage Voltage
89%
CRAZY IN LOVE LOCO
83%
IT'z ME THAT'S A NO NO
83%
KILL MY DOUBT CAKE
78%
GUESS WHO 마.피.아. In the morning
78%
BORN TO BE Mr. Vampire
72%
CRAZY IN LOVE SWIPE
72%
BORN TO BE Crown On My Head
67%
KILL MY DOUBT BET ON ME
61%
Pre-Release (CHESHIRE) Boys Like You
61%
Digital Single(Fan song) Midzy
61%
BORN TO BE UNTOUCHABLE
61%
GOLD VAY
61%
GOLD FIVE
56%
GUESS WHO SHOOT!
56%
BORN TO BE Blossom
50%
CHESHIRE Freaky
50%
Not Shy iD
50%
IT'z ICY IT'z SUMMER
50%
KILL MY DOUBT Kill Shot
50%
Motto Pocket
50%
BORN TO BE Run Away
50%
CHESHIRE Snowy
50%
BORN TO BE Escalator
44%
Motto Glitch
44%
Girls Will Be Girls Kiss & Tell
44%
IT'z ME NOBODY LIKE YOU
44%
KILL MY DOUBT None of My Business
44%
IT'z Different WANT IT?
44%
IT'z ME 24HRS
39%
Motto Asylum
39%
GOLD Bad Girls R Us
39%
Not Shy Be In Love
39%
IT'z ICY CHERRY
39%
BORN TO BE Dynamite
39%
TUNNEL VISION DYT
39%
IT'z ME I DON'T WANNA DANCE
39%
BORN TO BE Mine
39%
TUNNEL VISION Nocturne
39%
Collector ROCK & ROLL
39%
GUESS WHO Sorry Not Sorry
39%
Voltage Spice
39%
Not Shy SURF
39%
Motto Tangerine
39%
IT'z ME TING TING TING
39%
CRAZY IN LOVE #Twenty
39%
BORN TO BE Yet, but
39%
Motto you And I
39%
TUNNEL VISION Focus
33%
CRAZY IN LOVE LOVE is
33%
CRAZY IN LOVE Mirror
33%
Girls Will Be Girls Promise
33%
KILL MY DOUBT Psychic Lover
33%
GUESS WHO TENNIS (0:0)
33%
Girls Will Be Girls Walk
33%
CHECKMATE 365
28%
CRAZY IN LOVE B[OO]M-BOXX
28%
CHECKMATE DOMINO
28%
Not Shy Don't give a what
28%
CRAZY IN LOVE Gas Me Up
28%
Girls Will Be Girls Locked N Loaded
28%
Motto LOOK
28%
Not Shy Louder
28%
Algorhythm No Biggie
28%
CHECKMATE RACER
28%
CRAZY IN LOVE Sooo LUCKY
28%
GOLD Supernatural
28%
GUESS WHO Wild Wild West
28%
TUNNEL VISION 8-BIT HEART
22%
Blah Blah Blah Can't tie me down
22%
TUNNEL VISION Flicker
22%
GUESS WHO KIDDING ME
22%
other release Like Magic
22%
Collector Out of season
22%
RINGO Playlist
22%
Collector Trigger
22%
IT'z ME YOU MAKE ME
22%
KILL MY DOUBT Bratty
17%
CRAZY IN LOVE Chillin' Chillin'
17%
CHECKMATE Free Fall
17%
Collector I. I. Know Me
17%
RINGO Sugar-holic
17%
Motto Undefined
17%
other release Weapon
17%
CHECKMATE WHAT I WANT
17%
RINGO STYLE
11%
other release SUPERPOWERS
11%
Collector Wind Ride
11%
other release Break My Heart Myself
6%
other release Break Ice
0%
No matching quizzes found
Score Distribution
Percent of People with Each Score
Percentile by Number Answered
Your Score History
You have not taken this quiz since the last reset